000 00496nam a2200157 a 4500
001 000036403
005 20200930075719.0
008 120117s2004 sp a 000 0 spa d
040 _aDO-SdBNP
_bspa
_cBNPHU
082 _axxxx
_bxxxx
100 1 _aHerrera, Antonio de
_962613
245 1 0 _aElogio de vaca de castro /
_cAntonio de Herrera, prólogo Marques de Olivart.
260 _aMadrid :
_b[s. n.],
_c[19--?].
300 _a167 p. :
_bil. ;
_c23 cm.
700 1 _aOlivart, Marques de,
_epról.
_962614
999 _c35894
_d35894